00942nam a2200205 a 450000100100000000500170001000800410002704000250006808200160009310000270010924500780013626001070021430000200032149000570034171001340039883000640053204900090059695201140060599900170071900002989420200930055904.0110426s1979 dr 000 0 spa d aDO-SdBNPbspacBNPHU axxxbB389fi1 aBecerro, Marcos93755610aFisiología del esfuerzo y del entrenamiento muscular /cMarcos Becerro. a[Santo Domingo] :bFederación Dominicana de Levantamiento de Pesas :bSEDEFIR,c1979.fEditora Nivar a20 p. :b23 cm.1 aFederación Dominicana de Levantamiento de Pesasv22 aSecretaría de Estado de Deportes, Educación Física y RecreaciónbDivisión de Educación Física Extra-Escolar,956632 0aFederación Dominicana de Levantamiento de Pesasv2956633 aBNPD 0010718PDaPDbPDcCTd2011-04-26iLF1l0oxxx B389fip29894-10r2020-06-25w2020-06-25yLFPDZNo se presta c29386d29386